Detalles MARC
| 000 -CABECERA |
| campo de control de longitud fija |
03309nam a2200349 a 4500 |
| 001 - NÚMERO DE CONTROL |
| campo de control |
000001577 |
| 003 - IDENTIFICADOR DEL NÚMERO DE CONTROL |
| campo de control |
OSt |
| 005 - FECHA Y HORA DE LA ÚLTIMA TRANSACCIÓN |
| campo de control |
20240228142033.0 |
| 007 - CAMPO FIJO DE DESCRIPCIÓN FÍSICA--INFORMACIÓN GENERAL |
| campo de control de longitud fija |
ta |
| 008 - DATOS DE LONGITUD FIJA--INFORMACIÓN GENERAL |
| campo de control de longitud fija |
090623s2008 dr 000 0 spa |
| 020 ## - NÚMERO INTERNACIONAL ESTÁNDAR DEL LIBRO |
| Número Internacional Estándar del Libro |
9789945162400 |
| 020 ## - NÚMERO INTERNACIONAL ESTÁNDAR DEL LIBRO |
| Número Internacional Estándar del Libro |
9945162403 |
| 040 ## - FUENTE DE LA CATALOGACIÓN |
| Centro catalogador/agencia de origen |
DO-SdBNP |
| Lengua de catalogación |
spa |
| Centro/agencia transcriptor |
BNPHU |
| 082 #4 - NÚMERO DE LA CLASIFICACIÓN DECIMAL DEWEY |
| Número de clasificación |
972.9367 |
| Número de documento/Ítem |
M827r |
| Número de edición |
22 |
| 100 1# - ENTRADA PRINCIPAL--NOMBRE DE PERSONA |
| Nombre de persona |
Mora Serrano, Manuel, |
| Títulos y otros términos asociados al nombre |
1933- |
| 9 (RLIN) |
5162 |
| 245 10 - MENCIÓN DE TÍTULO |
| Título |
Revelaciones de Pimentel / |
| Mención de responsabilidad, etc. |
Manuel Mora Serranon ; introducción Luis Molina Achécar. |
| 260 ## - PUBLICACIÓN, DISTRIBUCIÓN, ETC. |
| Lugar de publicación, distribución, etc. |
Santo Domingo : |
| Nombre del editor, distribuidor, etc. |
Amidverza, |
| Fecha de publicación, distribución, etc. |
2008. |
| 300 ## - DESCRIPCIÓN FÍSICA |
| Extensión |
206 p. ; |
| Dimensiones |
23 cm. |
| 490 1# - MENCIÓN DE SERIE |
| Mención de serie |
Ediciones Amidverza ; |
| Designación de volumen o secuencia |
2 |
| 500 ## - NOTA GENERAL |
| Nota general |
Incluye biografía del autor en ambas solapas |
| 500 ## - NOTA GENERAL |
| Nota general |
Incluye datos de la obra en la contracubierta |
| 505 0# - NOTA DE CONTENIDO CON FORMATO |
| Nota de contenido con formato |
Palabras introductorias -- Primera parte: panegíricos. Adiós Nolasco. Un ángel viejo se fue del pueblo. Las maestras heroicas de mi pueblo (a la memoria de María Eneida Rojas). Lo duro de morir joven y amando. Rogelio Cordero Castro el gran apasionado, ha muerto. Aquellas dulces señoras del cuaba abajo. Cuando muere aquel que lo resuelve todo. Pimentel se queda sin chuichuises y chuchuregas. Evocación de la niña de la nena. Cuando muere un "poeta" de El Conde. Aquel querido vendedor de libros. A la memoria de Manuel María Mora Jiménez. El descanso de la madre ineludible. A qué sabrá un día de las madres sin mamá. Bolívar Lora un gourmet de la vida. El legendario Tomás Taveras que amaba caballos. Adiós al caballero Víctor de la Cruz. El homenaje de Pimentel a Freddy Gatón Arce. Cuando un bohemio muere. En la muerte de un personaje popular. Una chichigua de oro para Joaquín Arismendy. El tránsito de Rosa Leda Pérez. Bienvenido Brens y Luis Kalaff. Aquella inolvidable Ana Almonte. Fellito "Maní" Sánchez, le puso apellido a mi pueblo. Despedida a Payano Rojas -- Segunda parte: crónicas. Cuando se dice adiós a los hijos crecidos. Un peón de camión llamado Nietzsche. Técnica de la narración deportiva: el fenómeno Mendy López. El día que Pimentel vuelva a florecer sus rieles. Pimenteleños que triunfan en la vida. La historia del gallo de hojalata de los Munné. Anécdotas de Moreno Jimenes en Pimentel. La loca idea de un museo aldeano. La nostalgia de los pueblos. La saga de los árabes de mi pueblo. Esa sana alegría de juntarse con los amigos. El primer centenario de Pimentel. Meditación de Tiberio Castellanos sobre la pobreza nacional. Chanita Rosario cumple cien años. |
| 505 0# - NOTA DE CONTENIDO CON FORMATO |
| Nota de contenido con formato |
La aventura literaria de Amidverza 1. La aventura literaria de Amidverza 2. La esperanza de Héctor Polanco Pérez. De rieles y Pimentel. La increible historia de Cayuya. A propósito de Pimentel de nuestros amores. Cuando las hermanas queridas se van. Las semanas santas de mi infancia. Sucede que me estoy poniendo viejo. Pimentel en el siglo XXI. |
| 590 ## - NOTA LOCAL (RLIN) |
| Nota local |
Inventariado, 2020 /LP |
| 650 #4 - PUNTO DE ACCESO ADICIONAL DE MATERIA--TÉRMINO DE MATERIA |
| Término de materia o nombre geográfico como elemento de entrada |
Ciudades y pueblos |
| Subdivisión geográfica |
República Dominicana |
| 9 (RLIN) |
784 |
| 651 #4 - PUNTO DE ACCESO ADICIONAL DE MATERIA--NOMBRE GEOGRÁFICO |
| Nombre geográfico |
Pimentel ( San Francisco de Macorís, República Dominicana) |
| Subdivisión general |
Historia local |
| 9 (RLIN) |
5163 |
| 651 #4 - PUNTO DE ACCESO ADICIONAL DE MATERIA--NOMBRE GEOGRÁFICO |
| Nombre geográfico |
Pimentel (San Francisco de Macorís, República Dominicana) |
| Subdivisión general |
Vida social y costumbres |
| 9 (RLIN) |
5164 |
| 700 12 - PUNTO DE ACCESO ADICIONAL--NOMBRE DE PERSONA |
| Nombre de persona |
Molina Achécar, Luis |
| 9 (RLIN) |
5165 |
| 830 #0 - PUNTO DE ACCESO ADICIONAL DE SERIE-TÍTULO UNIFORME |
| Título uniforme |
Ediciones Amidverza ; |
| Número de parte o sección de la obra |
2 |
| 9 (RLIN) |
5166 |
| 910 ## - DATOS DE OPCIÓN DEL USUARIO (OCLC) |
| Datos de opción del usuario |
Validado. Control de calidad BNPHU |
| 942 ## - ELEMENTOS DE PUNTO DE ACCESO ADICIONAL (KOHA) |
| Fuente del sistema de clasificación o colocación |
Dewey Decimal Classification |
| Tipo de ítem Koha |
Libro |